[Event "Open"]
[Site "Trinec CZE"]
[Date "2001.12.28"]
[Round "3"]
[White "Krzesaj,R"]
[Black "Chmiel,P"]
[Result "0-1"]
[WhiteElo "2119"]
[BlackElo "2268"]

1.e4 c5 2.Nf3 d6 3.d4 cxd4 4.Nxd4 Nf6 5.Nc3 a6 6.f3 e5 7.Nb3 Be6 8.Be3 Nbd7
9.Qd2 Rc8 10.g4 Nb6 11.Qf2 Nfd7 12.O-O-O Be7 13.h4 Rxc3 14.bxc3 Na4 15.Qe1 Qc7
16.c4 Bxc4 17.Bxc4 Qxc4 18.Rd3 O-O 19.Kb1 Rc8 20.Rh2 d5 21.exd5 Bb4 22.Qc1 Nc3+
23.Ka1 a5 24.Qb2 Na4 25.Qc1 Bc3+ 26.Kb1 Nac5 27.Bxc5 Nxc5 28.Rxc3 Qxc3 29.Qb2 Qe1+
30.Nc1 Na4 31.Qxb7 Nc3+ 32.Kb2 Nd1+ 33.Kb1 Qc3 34.Qb3 Qd4 35.Nd3 Nc3+ 36.Kc1 Qg1+
37.Kb2 Nd1+ 38.Kc1 Ne3+ 39.Kb2 Qxh2 40.Ne1 Nxc2 41.Nxc2 e4  0-1

[Event "SO-ON"]
[Site "Groningen NED"]
[Date "2001.12.29"]
[Round "7"]
[White "Baramidze,D"]
[Black "Jens,J"]
[Result "0-1"]
[WhiteElo "2335"]
[BlackElo "2318"]

1.e4 c5 2.Nf3 d6 3.d4 cxd4 4.Nxd4 Nf6 5.Nc3 a6 6.f3 e6 7.Be3 b5 8.Qd2 Nbd7
9.O-O-O Bb7 10.g4 h6 11.h4 b4 12.Na4 Qa5 13.b3 Nc5 14.a3 Rc8 15.Qxb4 Qc7
16.Bc4 Nfd7 17.Kb1 a5 18.Qb5 Ba6 19.Nxc5 Bxb5 20.Nxb5 Qb6 21.Nxd7 Qxe3 22.Nxd6+ Bxd6
23.Rxd6 Ke7 24.Rhd1 Rhd8 25.R1d3 Qe1+ 26.Rd1 Qxh4 27.e5 Qf2 28.Nb6 Rb8 29.R1d3 Qe1+
30.Ka2 Qxe5 31.Rd7+ Ke8 32.a4 Qc5  0-1

[Event "Open"]
[Site "Trinec CZE"]
[Date "2001.12.31"]
[Round "7"]
[White "Luch,M"]
[Black "Mironov,I"]
[Result "0-1"]
[WhiteElo "2130"]
[BlackElo "2268"]

1.e4 c5 2.Nf3 d6 3.d4 cxd4 4.Nxd4 Nf6 5.Nc3 a6 6.f3 e6 7.Be3 b5 8.g4 Nfd7
9.Qd2 Nb6 10.O-O-O Bb7 11.Qf2 N8d7 12.Kb1 Rc8 13.Bd3 Rxc3 14.bxc3 Qc7 15.Nb3 Na4
16.Bd2 Be7 17.g5 O-O 18.h4 d5 19.h5 Ne5 20.g6 fxg6 21.hxg6 hxg6 22.Nd4 Nxc3+
23.Bxc3 Qxc3 24.Nxe6 Nxf3 25.Nxf8 Ba3 26.Rh8+ Kxh8 27.Nxg6+ Kg8 28.Ne7+ Kf7
29.Qxf3+ Kxe7  0-1

[Event "ch-AUS"]
[Site "Melbourne AUS"]
[Date "2002.01.02"]
[Round "5"]
[White "Tindall,B"]
[Black "Solomon,SJ"]
[Result "1-0"]
[WhiteElo "2259"]
[BlackElo "2385"]

1.e4 c5 2.Nf3 d6 3.d4 Nf6 4.Nc3 cxd4 5.Nxd4 a6 6.f3 e5 7.Nb3 Be6 8.Be3 Nbd7
9.Nd5 Bxd5 10.exd5 Be7 11.c4 O-O 12.Be2 Nh5 13.O-O Bg5 14.Bf2 Rc8 15.g3 g6
16.Nd2 f5 17.a3 Qe7 18.Re1 e4 19.fxe4 fxe4 20.Nxe4 Qxe4 21.Bg4 Qxc4 22.Bxd7 Rc7
23.b3 Qc2 24.Be6+ Kg7 25.Re2 Qxd1+ 26.Rxd1 Bf6 27.Be3 Be5 28.Rc1 Rxc1+ 29.Bxc1 Rf3
30.Rc2 Bd4+ 31.Kg2 Rxb3 32.Rc7+ Kf8 33.g4 Nf6 34.Bh6+ Ke8 35.Rc8+  1-0

[Event "39th BPCL ch-IND"]
[Site "Nagpur IND"]
[Date "2002.01.25"]
[Round "10"]
[White "Kunte,A"]
[Black "Sasikiran,K"]
[Result "0-1"]
[WhiteElo "2479"]
[BlackElo "2569"]

1.e4 c5 2.Nf3 d6 3.d4 cxd4 4.Nxd4 Nf6 5.Nc3 a6 6.f3 e6 7.Be3 b5 8.g4 Nfd7
9.Qd2 Nb6 10.O-O-O N8d7 11.Bg5 Qc7 12.Ndxb5 axb5 13.Nxb5 Qc6 14.Nxd6+ Bxd6
15.Qxd6 Qxd6 16.Rxd6 Rxa2 17.Kb1 Ra5 18.Bd2 Ra7 19.Bb5 Kd8 20.Rd1 Kc7 21.Bf4 e5
22.Be3 Rb7 23.c4 Nb8 24.Kc2 Be6 25.Kc3 Nc8 26.R6d2 Na7 27.Ba4 Nac6 28.Bc5 Nd4
29.Bxd4 exd4+ 30.Rxd4 g5 31.h3 h5 32.R1d3 hxg4 33.fxg4 Na6 34.Bb5 Nc5 35.Re3 Ra8
36.e5 Rb6 37.Kb4 Nd7 38.Rd6 Rxd6 39.exd6+ Kxd6 40.Rd3+ Kc7 41.Re3 Ra1 42.Bxd7 Kxd7
43.Kc5 Kc7 44.b3 Rf1 45.Kb5 Bd7+ 46.Kc5 Rf4 47.b4 Be6 48.Rc3 Re4 49.Kb5 Re5+
50.Ka4 Kc6 51.c5 Re4 52.Ka5 Bc4 53.Rf3 Rf4 54.Re3 Rf2  0-1

[Event "Aeroflot Open"]
[Site "Moscow RUS"]
[Date "2002.02.05"]
[Round "1"]
[White "Vorobiov,E"]
[Black "Korobov,A"]
[Result "1-0"]
[WhiteElo "2534"]
[BlackElo "2511"]

1.e4 c5 2.Nf3 d6 3.d4 cxd4 4.Nxd4 Nf6 5.Nc3 a6 6.f3 e6 7.Be3 b5 8.g4 h6 9.Qd2 Bb7
10.h4 Nbd7 11.O-O-O b4 12.Na4 Qa5 13.b3 Rc8 14.Rg1 Nc5 15.g5 Nxa4 16.bxa4 hxg5
17.hxg5 Nd7 18.g6 Qxa4 19.gxf7+ Kxf7 20.Kb1 Be7 21.Qg2 Bf6 22.Qg6+ Ke7 23.Bg5 Rcg8
24.Nxe6 Ne5 25.Qf5 Bc8 26.Bxf6+ gxf6 27.Rxg8 Bxe6 28.Qxe6+ Kxe6 29.Rxh8 Nxf3
30.Bc4+ Ke5 31.Rh5+ Kf4 32.Rf5+ Kxe4 33.Rxf6 Nd4 34.Re1+  1-0

[Event "Aeroflot Open"]
[Site "Moscow RUS"]
[Date "2002.02.06"]
[Round "3"]
[White "Grischuk,A"]
[Black "Dvoirys,S"]
[Result "1-0"]
[WhiteElo "2671"]
[BlackElo "2563"]

1.e4 c5 2.Nf3 d6 3.d4 cxd4 4.Nxd4 Nf6 5.Nc3 a6 6.f3 e6 7.Be3 b5 8.g4 Nfd7
9.Qd2 Nb6 10.O-O-O N8d7 11.Ndxb5 axb5 12.Nxb5 Rxa2 13.Kb1 Ra8 14.Nxd6+ Bxd6
15.Qxd6 Na4 16.Bb5 Qe7 17.Qd4 e5 18.Qd5 Nc3+ 19.bxc3 Rb8 20.Rd3 O-O 21.c4 Nb6
22.Qc5 Qf6 23.g5  1-0

[Event "Aeroflot Open"]
[Site "Moscow RUS"]
[Date "2002.02.06"]
[Round "3"]
[White "Fedorov,Alex"]
[Black "Rashkovsky,N"]
[Result "1-0"]
[WhiteElo "2589"]
[BlackElo "2505"]

1.e4 c5 2.Nf3 d6 3.d4 cxd4 4.Nxd4 Nf6 5.Nc3 a6 6.f3 e5 7.Nb3 Be7 8.Be3 Be6
9.Qd2 Nbd7 10.g4 O-O 11.O-O-O Qc7 12.Kb1 b5 13.g5 Nh5 14.Nd5 Bxd5 15.exd5 f5
16.gxf6 Rxf6 17.Na5 Nf4 18.c4 bxc4 19.Bxc4 Bd8 20.Nc6 Qb7 21.Nxd8 Rxd8 22.Rc1 Rdf8
23.Rhf1 Nb8 24.Qa5 Qf7 25.Bb3 Nd3 26.Rc7 Qh5 27.Rd1 Nf4 28.Qb6 Ng2 29.Bc1 Qxf3
30.Bc2 e4 31.Rg1 Rg6 32.Rb7 Nf4 33.Rxb8 Rxg1 34.Rxf8+ Kxf8 35.Qxg1 Nd3 36.Qg3  1-0

[Event "Petrov Mem Open"]
[Site "St Petersburg RUS"]
[Date "2002.02.12"]
[Round "1"]
[White "Vorobiov,E"]
[Black "Paramonov,D"]
[Result "1-0"]
[WhiteElo "2534"]
[BlackElo "2323"]

1.e4 c5 2.Nf3 d6 3.d4 cxd4 4.Nxd4 Nf6 5.Nc3 a6 6.f3 e6 7.Be3 b5 8.g4 Nfd7
9.Qd2 Nb6 10.Bd3 N8d7 11.O-O-O Bb7 12.Kb1 Rc8 13.h4 Nc5 14.g5 Qc7 15.h5 b4
16.Nce2 d5 17.exd5 Nxd5 18.g6 Bd6 19.Bc4 O-O 20.h6 hxg6 21.hxg7 Kxg7 22.Bh6+ Kg8
23.Bxf8 Bxf8 24.Bxd5 Bxd5 25.Nf4 Bb7 26.Nh5 gxh5 27.Rdg1+ Bg7 28.Rxh5 f6
29.Rxc5 Qf7 30.Rxc8+ Bxc8 31.Qxb4 e5 32.Nc6 Be6 33.Ne7+ Kh7 34.Qh4+ Bh6 35.Ng8  1-0

[Event "Petrov Mem Open"]
[Site "St Petersburg RUS"]
[Date "2002.02.14"]
[Round "3"]
[White "Vorobiov,E"]
[Black "Gajsin,E"]
[Result "1/2-1/2"]
[WhiteElo "2534"]
[BlackElo "2376"]

1.e4 c5 2.Nf3 d6 3.d4 cxd4 4.Nxd4 Nf6 5.Nc3 a6 6.f3 e6 7.Be3 b5 8.g4 h6 9.Qd2 Bb7
10.h4 Nbd7 11.O-O-O b4 12.Na4 d5 13.Bh3 dxe4 14.g5 hxg5 15.hxg5 exf3 16.gxf6 Nxf6
17.Bg2 Rxh1 18.Bxh1 Qa5 19.b3 Rd8 20.Qe1 Qh5 21.Qf1 Ng4 22.Bf4 Bd6 23.Bxd6 Ne3
24.Bxf3 Bxf3 25.Qxf3 Qxf3 26.Nxf3 Nxd1 27.Bxb4 Ne3 28.Bd2 Nf1 29.Nc5 Rd6
30.Ne4 Rd5 31.c4 Rd3 32.Neg5 e5 33.Bb4 f6 34.Ne1 Rd7 35.Ne4 Kf7 36.c5 Ke6
37.Nc2 Kd5 38.Nc3+ Kc6 39.a4 f5 40.Ba3 a5 41.b4 axb4 42.Nxb4+ Kxc5 43.a5 Kc4
44.Ncd5 Ra7 45.Nc6 Ra6 46.Ndb4 Ra8 47.Bb2 g5 48.Bxe5 g4 49.Kd1 g3 50.Ke2 g2
51.Bd4 Rxa5  1/2-1/2

[Event "75th KSU"]
[Site "Copenhagen DEN"]
[Date "2002.02.15"]
[Round "7"]
[White "Mortensen,E"]
[Black "De Firmian,N"]
[Result "0-1"]
[WhiteElo "2441"]
[BlackElo "2536"]

1.e4 c5 2.Nf3 d6 3.d4 cxd4 4.Nxd4 Nf6 5.Nc3 a6 6.f3 e5 7.Nb3 Be6 8.Be3 Nbd7
9.g4 Be7 10.Qd2 b5 11.g5 b4 12.Nd5 Nxd5 13.exd5 Bf5 14.Rg1 a5 15.Bd3 Bxd3
16.Qxd3 O-O 17.O-O-O f5 18.gxf6 Rxf6 19.Nd2 Rf7 20.Rg4 Nf6 21.Rc4 Nh5 22.Rg1 Qd7
23.Rcg4 Raf8 24.Kb1 Bd8 25.b3 Kh8 26.Rc4 Qh3 27.Qf1 Qxf1+ 28.Rxf1 Nf6 29.Rc6 Nxd5
30.Bg1 Nc3+ 31.Kb2 d5 32.Bc5 Rg8 33.a3 Bg5 34.axb4 Bxd2 35.bxa5 Nb5 36.b4 e4
37.Rb6 Nc3 38.Kb3 e3 39.Re6 e2 40.Ra1 Rxf3  0-1

[Event "Petrov Mem Open"]
[Site "St Petersburg RUS"]
[Date "2002.02.16"]
[Round "5"]
[White "Frolyanov,D"]
[Black "Biriukov,O"]
[Result "1/2-1/2"]
[WhiteElo "2295"]
[BlackElo "2378"]

1.e4 c5 2.Nf3 d6 3.d4 cxd4 4.Nxd4 Nf6 5.Nc3 a6 6.f3 e6 7.Be3 b5 8.Qd2 Nbd7
9.g4 h6 10.O-O-O Bb7 11.h4 b4 12.Na4 Qa5 13.b3 Nc5 14.a3 Nxa4 15.axb4 Qc7
16.bxa4 d5 17.e5 Nd7 18.f4 Nb6 19.f5 Nxa4 20.fxe6 Nc3 21.exf7+ Kxf7 22.Bd3 Bxb4
23.Rdf1+ Kg8 24.Qf2 Ba3+ 25.Kd2 Ne4+ 26.Bxe4 dxe4 27.Qf5 Bb4+ 28.Kd1 Qc4
29.Ne6 Qd5+ 30.Ke2 Qc4+ 31.Kd1 Qd5+ 32.Ke2 Qc4+ 33.Kd1  1/2-1/2

[Event "Petrov Mem Open"]
[Site "St Petersburg RUS"]
[Date "2002.02.16"]
[Round "5"]
[White "Melnikov,D"]
[Black "Popov,Val"]
[Result "0-1"]
[WhiteElo "2284"]
[BlackElo "2593"]

1.e4 c5 2.Nf3 d6 3.d4 Nf6 4.Nc3 cxd4 5.Nxd4 a6 6.f3 Qb6 7.Nb3 e6 8.Qe2 Qc7
9.g4 b5 10.Be3 Nc6 11.g5 Nd7 12.O-O-O Bb7 13.h4 Nce5 14.Qf2 Rc8 15.a3 d5
16.exd5 Bxa3 17.Bd4 Be7 18.f4 Ng4 19.Qg3 Bxd5 20.Bxg7 Rg8 21.Rxd5 exd5 22.Qxg4 Rxg7
23.Bd3 Nc5 24.Nxc5 Qxc5 25.Nxd5 Rd8 26.Nxe7 Kxe7 27.f5 f6 28.Qe4+ Kf8 29.b4 Qd4
30.gxf6 Qxf6 31.Re1 Rgd7 32.Qe3 Re7 33.Qxe7+ Qxe7 34.Rxe7 Kxe7 35.f6+ Kxf6
36.Bxh7 Rd4 37.c3 Rxh4 38.Bd3 Ke5 39.Kc2 Kd5 40.Kb3 Rh3 41.Kc2 Rf3 42.Kd2 Rh3
43.Kc2 Rh2+ 44.Kc1 Ke5 45.Kd1 Kf4 46.Kc1 Rf2 47.Kd1 Ke3 48.Bg6 Rf6 49.Bh7 Rf7
50.Bg6 Rg7 51.Bf5 Rc7 52.Kc2 Kf4 53.Bd3 Ke5 54.Kd2 Kd5 55.Be2 Kc6 56.Kc2 Kb6
57.Kb2 Re7 58.Bf3 Re5 59.Bg4 Re3 60.Bh5 Rh3 61.Bg6 Rh2+ 62.Kc1 Rh6 63.Be4 Rd6
64.Kb2 Rd8 65.Bf5 Rd2+ 66.Kc1 Re2 67.Bg4 Re3 68.Kc2 Rg3 69.Bh5 Rg2+ 70.Kc1 Rf2
71.Bg4 Rf6 72.Be2 Re6 73.Bg4 Re5 74.Kb2 Re4 75.Bf5 Re2+ 76.Kc1 Kc7 77.Bd3 Re7
78.Bf5 Kd6 79.Kd2 Kd5 80.Bd3 Rc7 81.Be2 Kc6 82.Kc2 Re7 83.Bf3+ Kb6 84.Kb2 Re3
85.Bg4 Re7 86.Bf5 a5 87.bxa5+ Kxa5 88.Bc2 Re3 89.Bb3 Kb6 90.Bf7 Re2+ 91.Kb3 Kc5
92.Bg6 Re7 93.Kc2 Kd6 94.Kb3 Rg7  0-1

[Event "Aphrodite"]
[Site "Athens GRE"]
[Date "2002.02.17"]
[Round "3"]
[White "Stiri,A"]
[Black "Savova,S"]
[Result "1-0"]
[WhiteElo "2145"]
[BlackElo "2168"]

1.e4 c5 2.Nf3 d6 3.d4 cxd4 4.Nxd4 Nf6 5.Nc3 a6 6.f3 e5 7.Nb3 Be6 8.Be3 Be7
9.Qd2 Nbd7 10.g4 h6 11.O-O-O Rc8 12.h4 b5 13.Qf2 Qc7 14.Rg1 g6 15.g5 hxg5
16.hxg5 Nh5 17.Rh1 Rg8 18.Bh3 Qd8 19.Kb1 Rc6 20.Nd5 Bxd5 21.exd5 Rc8 22.f4 exf4
23.Bxf4 Nxf4 24.Qxf4 Rc4 25.Bxd7+ Qxd7 26.Qe3 Qf5 27.Rhe1 Rc7 28.Nc5 Kf8
29.Ne6+ fxe6 30.Rf1 e5 31.Qe4 Qxf1 32.Rxf1+ Ke8 33.Qg4 Rf8 34.Rxf8+ Kxf8
35.Qh4 Rc4 36.Qh6+ Ke8 37.Qxg6+ Kd8 38.Qg8+ Kc7 39.g6 Rf4 40.a3 Bf8 41.g7 Bxg7
42.Qxg7+ Kd8 43.Qb7 e4 44.Qb6+ Ke7 45.Qc7+ Kf6 46.Qxd6+ Kg5 47.Qe7+ Kg4 48.d6  1-0

[Event "US Amateur Team East"]
[Site "Parsipanny USA"]
[Date "2002.02.18"]
[Round "6"]
[White "Zaichik,G"]
[Black "Sarkar,J"]
[Result "1/2-1/2"]
[WhiteElo "2516"]
[BlackElo "2382"]

1.e4 c5 2.Nf3 d6 3.d4 Nf6 4.Nc3 cxd4 5.Nxd4 a6 6.f3 e6 7.Be3 b5 8.Qd2 Nbd7
9.O-O-O Bb7 10.Nb3 Qc7 11.Qf2 Nc5 12.Nxc5 dxc5 13.Qg3 Qxg3 14.hxg3 Bc6 15.g4 Be7
16.g5 Nd7 17.Be2 O-O 18.Rh3 Rfd8 19.Rdh1 Nf8 20.Nd1 b4 21.Bc4 Bb5 22.b3 Bxc4
23.bxc4 a5 24.Nf2 a4 25.e5 Rd4 26.Bxd4 Bxg5+ 27.f4 Bxf4+ 28.Be3 Bxe5 29.Bxc5 Rc8
30.Nd3 Bc3 31.Nxb4 Bf6 32.Nd3 Nd7 33.Rxh7 Bg5+ 34.Kb2 Bh6 35.R7xh6 gxh6 36.Be3 Rxc4
37.Rxh6 Rg4 38.Rh2 e5 39.Bf2 e4 40.Nc1 f5 41.g3 Ne5 42.Rh4 Rxh4 43.gxh4 f4
44.Bd4 e3 45.Kc3 f3 46.Bxe3 Ng4 47.Bd4 f2 48.Bxf2 Nxf2 49.Kd4  1/2-1/2

[Event "Donald Byrne Mem"]
[Site "Penn State USA"]
[Date "2002.02.23"]
[Round "5"]
[White "Kriventsov,S"]
[Black "Adu,O"]
[Result "1/2-1/2"]
[WhiteElo "2415"]
[BlackElo "2239"]

1.e4 c5 2.Nf3 d6 3.d4 cxd4 4.Nxd4 Nf6 5.Nc3 a6 6.f3 Qb6 7.Nb3 e6 8.Qe2 Nc6
9.Be3 Qc7 10.g4 b5 11.O-O-O Bb7 12.Qf2 Nd7 13.Kb1 Rc8 14.h4 Nce5 15.Rc1 b4
16.Na4 Be7 17.Nb6 Rb8 18.Nxd7 Nxd7 19.c3 bxc3 20.Rxc3 Qd8 21.g5 O-O 22.Bd3 a5
23.Rhc1 a4 24.Nd4 d5 25.exd5 Bxd5 26.Be4 Ne5 27.Bf4 Bxe4+ 28.fxe4 Qa5 29.Qc2 Rb7
30.Bxe5 Qxe5 31.Nc6 Qf4 32.Nxe7+ Rxe7 33.Qxa4 Qxh4 34.Rc8 f5 35.gxf6 Qxf6
36.Qa8 Rf7 37.a4 Qd4 38.Ka1 g5 39.Qc6 Kg7 40.Rxf8 Rxf8 41.Qxe6 Qxa4+ 42.Kb1 Qa5
43.Rh1 h5 44.Qd7+ Rf7 45.Qd4+ Kg6 46.e5 g4 47.Rc1 Rf3 48.Qd6+ Kg5 49.Qe7+ Kf4
50.Qh4 Qb5 51.Qxh5  1/2-1/2

[Event "US Masters"]
[Site "Chicago USA"]
[Date "2002.03.02"]
[Round "5"]
[White "Kriventsov,S"]
[Black "Wojtkiewicz,A"]
[Result "0-1"]
[WhiteElo "2415"]
[BlackElo "2535"]

1.e4 c5 2.Nf3 d6 3.d4 cxd4 4.Nxd4 Nf6 5.Nc3 a6 6.f3 e6 7.Be3 b5 8.Qd2 Nbd7
9.g4 Nb6 10.O-O-O Bb7 11.Qf2 Nfd7 12.Nb3 Rc8 13.Kb1 Be7 14.h4 O-O 15.g5 Rxc3
16.bxc3 Na4 17.Bd2 Qc7 18.Qe3 Rc8 19.Be1 Ne5 20.Ka1 d5 21.f4 Ng6 22.f5 exf5
23.exd5 Nf4 24.c4 bxc4 25.Bxc4 Qxc4 26.Qxe7 Qxc2 27.Rb1 Nc3 28.Bxc3 Qxc3+
29.Rb2 Nd3 30.Rb1 Bxd5 31.Qd7 Be6 32.Qb7 g6  0-1

[Event "FSIMB March"]
[Site "Budapest HUN"]
[Date "2002.03.03"]
[Round "2"]
[White "Papp,Ga"]
[Black "Dombai,I"]
[Result "1/2-1/2"]
[WhiteElo "2320"]
[BlackElo "2214"]

1.e4 c5 2.Nf3 d6 3.d4 cxd4 4.Nxd4 Nf6 5.Nc3 a6 6.Be3 Ng4 7.Bc1 Nf6 8.f3 e6
9.Be3 Be7 10.Qd2 O-O 11.g4 b5 12.O-O-O Qc7 13.h4 Nc6 14.g5 Nd7 15.Kb1 Bb7
16.h5 Nde5 17.Qg2 Nxd4 18.Bxd4 b4 19.Na4 Bc6 20.Nb6 Rab8 21.f4 Nd7 22.Nxd7 Qxd7
23.Bd3 Bb5 24.Qh2 Bxd3 25.Rxd3 Qc6 26.Qg2 f5 27.gxf6 Bxf6 28.Rg1 Rb7 29.h6 g6
30.Rgd1 Be7 31.Be3 Rc7 32.Rd4 a5 33.R1d2 e5 34.fxe5 dxe5 35.Rd5 Qc4 36.Rd1 a4
37.b3 Qc3 38.R5d3 Qc6 39.Bc1 a3 40.Rd5 Bc5 41.Rd8 Bd4 42.Rxf8+ Kxf8 43.Rf1+ Kg8
44.Rf3 Rf7 45.Rxf7 Qc3 46.Rf8+ Kxf8 47.Qf1+ Kg8 48.Qc4+  1/2-1/2

[Event "ch-RUS Girls U20"]
[Site "Vladimir RUS"]
[Date "2002.03.05"]
[Round "5"]
[White "Kuznetsova,I"]
[Black "Kineva,E"]
[Result "1-0"]
[WhiteElo "2177"]
[BlackElo "2175"]

1.e4 c5 2.Nf3 d6 3.d4 cxd4 4.Nxd4 Nf6 5.Nc3 a6 6.f3 e6 7.Be3 Qc7 8.Qd2 b5
9.g4 Bb7 10.O-O-O Nfd7 11.h4 Nb6 12.Ndxb5 axb5 13.Nxb5 Qc6 14.Nxd6+ Bxd6
15.Qxd6 Qxd6 16.Rxd6 Nc8 17.Bb5+ Ke7 18.Rd2 Rxa2 19.Kb1 Ra5 20.Bc5+ Kf6 21.c4 h5
22.Bd4+ e5 23.Bc3 Ra7 24.g5+ Ke6 25.c5 Ba6 26.Ba4 Bc4 27.b3 Ba6 28.Rhd1 Rc7
29.b4 Bc4 30.Kc2 Na6 31.Bd7+ Ke7 32.Bxe5 Bd3+ 33.Kxd3 Rxd7+ 34.Kc4 Rxd2 35.Rxd2 f6
36.gxf6+ gxf6 37.Bf4 Nxb4 38.Kxb4 Na7 39.Rd6 Rb8+ 40.Rb6 Rd8 41.Rb7+ Rd7
42.Bd6+ Ke6 43.Rxd7 Kxd7 44.Kc4 Ke6 45.f4 Nc8 46.f5+ Kd7 47.Kd5 Na7 48.e5 fxe5
49.Kxe5 Nc6+ 50.Kf6 Nd4 51.Kg6 Nf3 52.Kxh5  1-0

[Event "Anibal Open"]
[Site "Linares ESP"]
[Date "2002.03.06"]
[Round "6"]
[White "Zhang Pengxiang"]
[Black "Ibrahimov,R"]
[Result "1/2-1/2"]
[WhiteElo "2522"]
[BlackElo "2436"]

1.e4 c5 2.Nf3 d6 3.d4 cxd4 4.Nxd4 Nf6 5.Nc3 a6 6.f3 e6 7.Be3 b5 8.g4 Nfd7
9.Qd2 Nb6 10.O-O-O Bb7 11.Nb3 Nc6 12.Qf2 Nd7 13.h4 Be7 14.g5 Na5 15.Nxa5 Qxa5
16.Kb1 b4 17.Ne2 d5 18.h5 dxe4 19.fxe4 Bxe4 20.Bg2 Bxg2 21.Qxg2 Rd8 22.Nd4 Rc8
23.Rhf1 Ne5 24.g6 hxg6 25.hxg6 Nxg6 26.Nxe6 Qe5 27.Nf4 Bf6 28.Bd4 Nxf4 29.Qf2 Qc7
30.Bxf6 gxf6 31.Qxf4 Qxf4 32.Rxf4 a5 33.Rxf6 Rh2 34.Rc1 Rc5 35.Rf3 Re2 36.a3 bxa3
37.Rxa3 Ke7 38.Rb3 f5 39.Rb6 Re6 40.Rb7+ Kf6 41.Rh1 Rce5 42.Ka2 f4 43.Rb8 Re8
44.Rb6+ Kf5 45.c4 R8e6 46.Rb8 Re8 47.Rb3 Re3 48.Rb5+ R3e5 49.Rb3 Re3 50.Rb5+ R3e5
51.c5 f3 52.Rxa5 Kf4 53.b4 f2 54.Rf1 Kf3 55.Kb3 Re1 56.Rxf2+ Kxf2 57.c6 Rc1
58.Rf5+ Ke3 59.b5 Kd4 60.Kb4 Ra8 61.Rf4+ Kd5 62.Rf5+ Kd6 63.Rf6+ Ke7 64.Rh6 Rb8
65.Rh7+ Kd6 66.Rd7+ Ke6 67.Rb7 Ra8 68.Rh7 Rb8 69.Rb7 Ra8 70.Rh7 Rb8 71.Rb7  1/2-1/2

[Event "Anibal Open"]
[Site "Linares ESP"]
[Date "2002.03.06"]
[Round "6"]
[White "Fedorov,Alex"]
[Black "Vera,R"]
[Result "1-0"]
[WhiteElo "2589"]
[BlackElo "2534"]

1.e4 c5 2.Nf3 d6 3.d4 cxd4 4.Nxd4 Nf6 5.Nc3 a6 6.f3 e6 7.Be3 b5 8.g4 h6 9.Qd2 Nbd7
10.O-O-O Bb7 11.h4 b4 12.Na4 Qa5 13.b3 Nc5 14.a3 Nxa4 15.axb4 Qc7 16.bxa4 d5
17.e5 Nd7 18.f4 Nb6 19.Rh3 Nxa4 20.Bf2 Rc8 21.Be1 Rb8 22.f5 Bc8 23.Rb3 Rb6
24.fxe6 fxe6 25.g5 Bd7 26.Qd3 hxg5 27.Qg6+ Kd8 28.Qxg5+ Kc8 29.Rdd3 Kb7 30.Rf3 g6
31.Kb1 Rh5 32.Qxg6 Qxe5 33.Bf2 Rh8 34.Rf7 Rd6 35.Ra3 Ka8 36.Rxd7 Rxd7 37.Rxa4 Bd6
38.Rxa6+ Kb7 39.Nxe6 Rc8 40.Ra7+  1-0

[Event "ClubCh-EST"]
[Site "Parnu EST"]
[Date "2002.03.09"]
[Round "3"]
[White "Leito,P"]
[Black "Vetemaa,J"]
[Result "1-0"]
[WhiteElo "2339"]
[BlackElo "2280"]

1.e4 c5 2.Nf3 d6 3.d4 cxd4 4.Nxd4 Nf6 5.Nc3 a6 6.f3 e6 7.Be3 Qc7 8.Qd2 b5
9.g4 h6 10.O-O-O Bb7 11.h4 Nbd7 12.Bh3 Ne5 13.g5 hxg5 14.hxg5 Nfd7 15.Bxe6 Rxh1
16.Bxd7+ Kxd7 17.Rxh1 b4 18.Na4 Nc4 19.Qd3 Be7 20.Qxc4  1-0

[Event "FSIMB March"]
[Site "Budapest HUN"]
[Date "2002.03.10"]
[Round "9"]
[White "Papp,Ga"]
[Black "Dub,Z"]
[Result "1/2-1/2"]
[WhiteElo "2320"]
[BlackElo "2238"]

1.e4 c5 2.Nf3 d6 3.d4 cxd4 4.Nxd4 Nf6 5.Nc3 a6 6.f3 e6 7.Be3 b5 8.Qd2 Bb7
9.g4 h6 10.O-O-O Nbd7 11.h4 b4 12.Na4 Qa5 13.b3 Nc5 14.a3 Rc8 15.Qxb4 Qc7
16.Nxc5 dxc5 17.Qa4+ Nd7 18.Ne2 c4  1/2-1/2

[Event "Open"]
[Site "Reykjavik ISL"]
[Date "2002.03.10"]
[Round "4"]
[White "Arngrimsson,D"]
[Black "Paasikangas,J"]
[Result "0-1"]
[WhiteElo "2094"]
[BlackElo "2300"]

1.e4 c5 2.Nf3 d6 3.d4 cxd4 4.Nxd4 Nf6 5.Nc3 a6 6.f3 e6 7.Be3 b5 8.Qd2 Bb7
9.g4 Nc6 10.O-O-O Qc7 11.h4 Rc8 12.g5 Nd7 13.h5 Nc5 14.Bxb5 axb5 15.Ndxb5 Qd8
16.Qf2 Ne5 17.Nxd6+ Bxd6 18.Kb1 Qe7 19.h6 gxh6 20.Qd2 Nxf3 21.Qxd6 Qxd6 22.Rxd6 Nxe4
23.Nb5 hxg5  0-1

[Event "ch-RUS Girls U20"]
[Site "Vladimir RUS"]
[Date "2002.03.10"]
[Round "9"]
[White "Fominykh,M"]
[Black "Ubiennykh,E"]
[Result "1/2-1/2"]
[WhiteElo "2163"]
[BlackElo "2269"]

1.e4 c5 2.Nf3 d6 3.d4 cxd4 4.Nxd4 Nf6 5.Nc3 a6 6.f3 e6 7.Be3 b5 8.Qd2 Nbd7
9.g4 Nb6 10.h4 Nfd7 11.Qf2 Bb7 12.a3 Rc8 13.g5 Nc4 14.Bc1 Nde5 15.f4 Nc6
16.b3 Qa5 17.Rh3 Nxd4 18.Qxd4 Qb6 19.Be3 Qxd4 20.Bxd4 Na5 21.Kd2 Nc6 22.Bb6 Be7
23.Re1 h6 24.Rg3 hxg5 25.hxg5 Kd7 26.Bh3 Rh4 27.Rf1 Rch8 28.Rff3 Nd8 29.Kd3 Nc6
30.Bg2 a5 31.Nxb5 Ba6 32.c4 Rb8 33.Bf2 Bxb5 34.cxb5 Rxb5 35.Kc4 Rb7 36.Rh3 Rxh3
37.Rxh3 e5 38.Be3 exf4 39.Bxf4 Ne5+ 40.Bxe5 dxe5 41.Rd3+ Kc6 42.Rd5 Bxa3
43.Rxe5 Rb4+ 44.Kc3 Rb5 45.Rxb5 Kxb5 46.Bf1+ Kc5 47.Bc4 Bc1 48.Bxf7 Bxg5
49.Kd3 Bf6  1/2-1/2

[Event "ch-POL w"]
[Site "Ostrow POL"]
[Date "2002.03.12"]
[Round "8"]
[White "Zawadzka,J"]
[Black "Kadziolka,B"]
[Result "1/2-1/2"]
[WhiteElo "2172"]
[BlackElo "2210"]

1.e4 c5 2.Nf3 d6 3.d4 cxd4 4.Nxd4 Nf6 5.Nc3 a6 6.f3 e5 7.Nb3 Be6 8.Be3 Be7
9.Qd2 O-O 10.O-O-O Nbd7 11.g4 Qc7 12.Kb1 b5 13.g5 Nh5 14.Qf2 b4 15.Nd5 Bxd5
16.exd5 a5 17.Bh3 a4 18.Nc1 Nf4 19.Bxd7 Qxd7 20.Bxf4 exf4 21.h4 b3 22.cxb3 axb3
23.Nxb3 Rfc8 24.Qd4 Ra4 25.Qd3 Bf8 26.Rhe1 g6 27.Re4 Bg7 28.Rde1 Be5 29.h5 Rca8
30.hxg6 hxg6 31.a3 Qa7 32.Rxa4 Qxa4 33.Nd2 Rb8 34.Nc4 Qb5 35.Re2 Bg7 36.Qc2 Qxd5
37.Rd2 Qc5 38.Qd3 Qxg5 39.Qxd6 Rc8 40.Nb6 Re8 41.Nd5 Be5 42.Qd7 Rf8  1/2-1/2

[Event "Masters"]
[Site "Wroxham ENG"]
[Date "2002.03.14"]
[Round "8"]
[White "Fierro Baquero,M"]
[Black "Gormally,D"]
[Result "0-1"]
[WhiteElo "2382"]
[BlackElo "2506"]

1.e4 c5 2.Nf3 d6 3.d4 cxd4 4.Nxd4 Nf6 5.Nc3 a6 6.f3 e6 7.Be3 b5 8.Qd2 Nbd7
9.g4 h6 10.O-O-O Bb7 11.h4 b4 12.Na4 Qa5 13.b3 Nc5 14.a3 Nxa4 15.axb4 Qc7
16.bxa4 d5 17.e5 Nd7 18.f4 Nb6 19.Rh3 Nxa4 20.Bf2 Rc8 21.Be1 Qd7 22.f5 Nb6
23.fxe6 fxe6 24.Qd3 Kf7 25.Rf3+ Kg8 26.Qg6 Re8 27.Rd2 Nc4 28.Rdf2 Nxe5 29.Rxf8+ Rxf8
30.Rxf8+ Kxf8 31.Nxe6+ Kg8 32.Qf5 Bc8 33.Qf8+ Kh7 34.Qf5+ Ng6 35.h5 Qxe6
36.hxg6+ Qxg6 37.Qf2 Qg5+ 38.Bd2 Qf6 39.Bd3+ Kg8 40.Bf4 g5  0-1

[Event "Suetin Mem"]
[Site "Tula RUS"]
[Date "2002.03.28"]
[Round "6"]
[White "Kalygin,S"]
[Black "Voitsekhovsky,S"]
[Result "1/2-1/2"]
[WhiteElo "2449"]
[BlackElo "2527"]

1.e4 c5 2.Nf3 d6 3.d4 cxd4 4.Nxd4 Nf6 5.Nc3 a6 6.f3 e5 7.Nb3 Be6 8.Be3 Be7
9.Qd2 Nbd7 10.g4 O-O 11.O-O-O Rc8 12.Kb1 b5 13.g5 Nh5 14.Nd5 Bxd5 15.exd5 Nb6
16.Na5 Nxd5 17.Nb7 Nc3+ 18.bxc3 Qc7 19.Qd5 Qxc3 20.Qd2 Qc7 21.Na5 d5 22.Bh3 d4
23.Bxc8 Rxc8 24.Bf2 Bxg5 25.Qxg5  1/2-1/2

[Event "4th Rector Cup"]
[Site "Kharkov UKR"]
[Date "2002.03.29"]
[Round "10"]
[White "Kovchan,A"]
[Black "Kempinski,R"]
[Result "0-1"]
[WhiteElo "2507"]
[BlackElo "2576"]

1.e4 c5 2.Nf3 d6 3.d4 cxd4 4.Nxd4 Nf6 5.Nc3 a6 6.Be3 Ng4 7.Bc1 Nf6 8.f3 Qb6
9.Nb3 e6 10.g4 h6 11.Qe2 Nbd7 12.Be3 Qc7 13.O-O-O b5 14.h4 Bb7 15.Bh3 b4
16.Nb1 Rc8 17.g5 Nh5 18.Rh2 hxg5 19.hxg5 g6 20.Nd4 Ne5 21.b3 Bg7 22.Qe1 Nxf3
23.Nxf3 Bxe4 24.Nd4 d5 25.Rf2 Ng3 26.Bg2 e5 27.Bxe4 Nxe4 28.Re2 exd4 29.Bxd4 Bxd4
30.Rxd4 O-O 31.Qxb4 Qf4+ 32.Kb2 Qxg5 33.Rd3 Nc5 34.Rc3 Qf6 35.Ka3 Ne4 36.Rd3 Nd6
37.c4 a5 38.Qd2 Ne4 39.Qe3 dxc4 40.Rd4 Nd6 41.Rd5  0-1

[Event "IDJM"]
[Site "Augsburg GER"]
[Date "2002.04.04"]
[Round "3"]
[White "Baramidze,D"]
[Black "Bromberger,S"]
[Result "1-0"]
[WhiteElo "2328"]
[BlackElo "2407"]

1.e4 c5 2.Nf3 d6 3.d4 cxd4 4.Nxd4 Nf6 5.Nc3 a6 6.f3 e6 7.Be3 Nbd7 8.g4 h6
9.Qd2 b5 10.O-O-O Bb7 11.Kb1 Be7 12.h4 b4 13.Nce2 d5 14.Bh3 g5 15.hxg5 hxg5
16.Bxg5 dxe4 17.Bxf6 Nxf6 18.g5 exf3 19.Ng3 Ne4 20.Nxe4 Bxe4 21.Qf4 Rxh3
22.Rxh3 Qd5 23.Rh8+ Bf8 24.Rd2 Qc4 25.b3 Qf1+ 26.Kb2  1-0

[Event "Economic Faculty"]
[Site "Subotica YUG"]
[Date "2002.04.04"]
[Round "10"]
[White "Popovic,Du"]
[Black "Genov,Peta"]
[Result "1-0"]
[WhiteElo "2394"]
[BlackElo "2510"]

1.e4 c5 2.Nf3 d6 3.d4 cxd4 4.Nxd4 Nf6 5.Nc3 a6 6.f3 e6 7.Be3 b5 8.g4 Nfd7
9.Qd2 Nb6 10.O-O-O N8d7 11.Ndxb5 axb5 12.Nxb5 Ba6 13.Nxd6+ Bxd6 14.Qxd6 Bxf1
15.Bxb6 Qg5+ 16.f4 Qb5 17.Rhxf1 Rxa2 18.b3 Ra6 19.c4 Qxb6 20.Qxd7+ Kf8 21.Kb2 Ra8
22.Qd6+ Qxd6 23.Rxd6 h5 24.g5 Ke7 25.Rfd1 Ra7 26.c5 Rha8 27.c6 Ke8 28.b4 h4
29.Rd7 Ra2+ 30.Kb3 R8a3+ 31.Kc4 Rc2+ 32.Kb5 f5 33.exf5 exf5 34.g6 Re3 35.c7 Rec3
36.Kb6  1-0